The Knowledge web learning and callaborating on the net

Bibliographic Details
Main Author: Eisenstadt, Marc
Other Authors: Vincent, Tom
Format: Book
Published: 2000
Subjects:

MARC

LEADER 00000cam a2200000 7i4500
001 0000010484
005 20050427.0
020 |a 0749431784 
040 |a INS 
090 0 0 |a T15.   |b E361 2000 
100 1 |a Eisenstadt, Marc 
245 1 4 |a The Knowledge web learning and callaborating on the net   |c Marc Eisenstadt 
260 |a 2000 
650 0 0 |a World wide web(Information retrieval systems) 
700 1 |a Vincent, Tom 
999 |a 0000009648   |b BOOK   |c Open Shelf   |e Default branch